000
00356nam a2200181Ia 4500
100
_a
Shaw/Zed A
650
_a
Python
250
_a
3
942
_c
BK
366
_f
20
654
_a
python
245
_a
Learn Python the hardway
260
_b
Pearson Education
_c
2017
082
_a
5.133
_b
SHAW
300
_a
287
546
_a
ENGLISH
999
_c
24354
_d
24354